U.S. Trivia #1 - Tile Select - Statistics

General Stats
  • This quiz has been taken 11 times
  • The average score is 32 of 45
Answer Stats
Question Tile Select % Correct
States on the Mississippi River California No
100%
States on the Mississippi River Louisiana Yes
100%
States on the Mississippi River Maine No
100%
States on the Mississippi River Oklahoma No
100%
States on the Mississippi River Texas No
100%
States with National Parks Arizona Yes
91%
States with National Parks Massachusetts No
91%
States with Native American Reservations within their borders Ohio No
91%
States with Native American Reservations within their borders Pennsylvania No
91%
States with Native American Reservations within their borders West Virginia No
91%
Cities that are NOT the Capital of their State Atlanta No
82%
States with National Parks Colorado Yes
82%
States with National Parks Florida Yes
82%
Cities that are NOT the Capital of their State Houston Yes
82%
States on the Mississippi River Illinois Yes
82%
States with National Parks Illinois No
82%
States on the Mississippi River Iowa Yes
82%
Cities that are NOT the Capital of their State Jackson No
82%
States on the Mississippi River Kentucky Yes
82%
States with Native American Reservations within their borders Oklahoma Yes
82%
Cities that are NOT the Capital of their State Phoenix No
82%
States with National Parks Washington Yes
82%
States with Native American Reservations within their borders Wyoming Yes
82%
States with Native American Reservations within their borders Arizona Yes
73%
States with Native American Reservations within their borders Arkansas No
73%
Cities that are NOT the Capital of their State Columbus No
73%
States with Native American Reservations within their borders North Dakota Yes
73%
Cities that are NOT the Capital of their State Philadelphia Yes
73%
States on the Mississippi River Alabama No
64%
Cities that are NOT the Capital of their State Austin No
64%
Cities that are NOT the Capital of their State Detroit Yes
64%
Cities North of Kansas Nashville No
64%
Cities that are NOT the Capital of their State New York City Yes
64%
Cities North of Kansas Topeka No
64%
Cities North of Kansas Las Vegas No
55%
Cities North of Kansas Minneapolis Yes
55%
Cities North of Kansas Portland Yes
55%
States with Native American Reservations within their borders Wisconsin Yes
55%
States with National Parks New York No
45%
Cities North of Kansas Denver No
36%
States with National Parks Indiana Yes
36%
Cities North of Kansas Sacramento Yes
36%
Cities North of Kansas Salt Lake City Yes
36%
Cities North of Kansas Cincinnati No
27%
States with National Parks Ohio Yes
18%
No matching quizzes found
Score Distribution
Percent of People with Each Score
Percentile by Number Answered
Your Score History
You have not taken this quiz